[Event "Deutsche Ländermeisterschaft 2022"]
[Site "Wiesbaden GER"]
[Date "2022.10.02"]
[Round "3"]
[White "Semling, Julius"]
[Black "Haubold, Christian"]
[Result "0-1"]
[Termination "normal"]
[Board "7.4"]
[WhiteElo "1801"]
[BlackElo "1888"]
[WhiteClock "00:26:40"]
[BlackClock "00:16:10"]
[WhiteTeam "Baden 2"]
[BlackTeam "Sachsen-Anhalt"]
[PlyCount "58"]
[WhiteFideId "16290160"]
[BlackFideId "16259629"]
[EventCountry "GER"]
[EventRounds "7"]
[EventType "team-swiss"]
[EventDate "2022.09.30"]

1. e4 {[%clk 1:30:58]} e5 {[%clk 1:30:51]} 2. Nf3 {[%clk 1:31:24]} Nc6 {[%clk
1:31:12]} 3. Bc4 {[%clk 1:31:49]} Nf6 {[%clk 1:31:23]} 4. d3 {[%clk 1:32:18]}
Bc5 {[%clk 1:31:19]} 5. c3 {[%clk 1:32:37]} d6 {[%clk 1:31:11]} 6. O-O {[%clk
1:32:47]} Bg4 {[%clk 1:30:45]} 7. Nbd2 {[%clk 1:30:59]} Qd7 {[%clk 1:25:02]} 8.
b4 {[%clk 1:28:36]} Bb6 {[%clk 1:24:45]} 9. a4 {[%clk 1:27:44]} a5 {[%clk
1:20:09]} 10. b5 {[%clk 1:26:59]} Ne7 {[%clk 1:19:57]} 11. Qc2 {[%clk 1:17:36]}
Ng6 {[%clk 1:14:26]} 12. d4 {[%clk 1:12:09]} h6 {[%clk 1:09:52]} 13. Be2 {[%clk
1:07:53]} exd4 {[%clk 1:02:51]} 14. Nc4 {[%clk 0:59:49]} Bc5 {[%clk 0:47:53]}
15. cxd4 {[%clk 0:50:14]} Bxf3 {[%clk 0:45:25]} 16. dxc5 {[%clk 0:48:33]} Bxe4
{[%clk 0:39:57]} 17. Bd3 {[%clk 0:47:59]} d5 {[%clk 0:27:11]} 18. Ne3 {[%clk
0:44:17]} Ne5 {[%clk 0:23:54]} 19. Bxe4 {[%clk 0:43:22]} dxe4 {[%clk 0:22:32]}
20. Rd1 {[%clk 0:40:41]} Qe6 {[%clk 0:21:37]} 21. b6 {[%clk 0:39:04]} O-O
{[%clk 0:20:01]} 22. Bb2 {[%clk 0:38:48]} Nd3 {[%clk 0:17:41]} 23. Bxf6 {[%clk
0:36:54]} Qxf6 {[%clk 0:18:01]} 24. Nd5 {[%clk 0:36:38]} Qe5 {[%clk 0:17:01]}
25. Nxc7 {[%clk 0:36:38]} Rad8 {[%clk 0:16:54]} 26. Nb5 {[%clk 0:33:52]} e3
{[%clk 0:16:10]} 27. Qe2 {[%clk 0:27:07]} exf2+ {[%clk 0:16:08]} 28. Kf1 {[%clk
0:27:28]} Qxh2 {[%clk 0:16:13]} 29. Qf3 {[%clk 0:26:40]} Rfe8 {[%clk 0:16:10]}
0-1